Prénoms des savants de la Tour Eiffel - 4 - Statistiques

Statistiques générales
  • Ce quiz a été pris 7 fois
  • Le résultat moyen est 1 sur 18
Statistiques - réponses
Hint Réponse % Correct
DELAMBRE Jean-Baptiste
29%
CARNOT Lazare
29%
POLONCEAU Camille
14%
WURTZ Charles Adolphe
14%
LAME Gabriel
14%
DUMAS Jean-Baptiste André
14%
LE VERRIER Urbain
14%
CLAPEYRON Emile
0%
MALUS Etienne Louis
0%
SAUVAGE Frédéric
0%
PERDONNET Jean Albert
0%
FOURIER Jean-Baptiste Joseph
0%
BORDA (de) Jean-Charles
0%
PETIET Jules Alexandre
0%
BREGUET Louis
0%
DAGUERRE Louis Jacques
0%
BICHAT Marie-François Xavier
0%
PELOUZE Théophile Jules
0%
Aucun quiz correspondant
Distribution des résultats
% des personnes avec chaque résultat
Percentile par nombre de réponses
Votre historique - résultats
Vous n’avez pas pris ce quiz